Vývozná konkurencieschopnosť Slovenska z pohľadu nových ukazovateľov
Hospodárska kríza zvýraznila potrebu zlepšenia konkurencieschopnosti v záujme dosiahnutia vyššieho udržateľného rastu. Zvyšujúca sa dostupnosť detailných údajov o zahraničnom obchode spolu so vznikom globálnych input-output tabuliek zároveň umožňujú presnejšie analyzovať situáciu v jednotlivých kraj...
Enregistré dans:
| Auteur principal: | |
|---|---|
| Format: | Chapitre de livre |
| Langue: | slovaque |
| Sujets: | |
| Tags: |
Pas de tags, Soyez le premier à ajouter un tag!
|
MARC
| LEADER | 00000naa a2200000 4500 | ||
|---|---|---|---|
| 001 | 0208862 | ||
| 005 | 20221019174143.1 | ||
| 041 | 0 | |a slo | |
| 044 | |a SK | ||
| 245 | 1 | 0 | |a Vývozná konkurencieschopnosť Slovenska z pohľadu nových ukazovateľov |c Tibor Lalinský |
| 520 | |a Hospodárska kríza zvýraznila potrebu zlepšenia konkurencieschopnosti v záujme dosiahnutia vyššieho udržateľného rastu. Zvyšujúca sa dostupnosť detailných údajov o zahraničnom obchode spolu so vznikom globálnych input-output tabuliek zároveň umožňujú presnejšie analyzovať situáciu v jednotlivých krajinách. Podrobná analýza vývoznej konkurencieschopnosti Slovenska, zohľadňujúca viaceré nové ukazovatele, naznačuje, že Slovensko bolo aj v náročnom období po roku 2008 schopné zachovať si pozitívny trend vývoja medzinárodnej konkurencieschopnosti. Dôležitú úlohu pritom zohrali necenové faktory. | ||
| 610 | 2 | 0 | |a vývoz |
| 610 | 2 | 0 | |a konkurencieschopnosť |
| 610 | 2 | 0 | |a obchod zahraničný |
| 610 | 2 | 0 | |a Slovensko |
| 610 | 2 | 0 | |a saldo |
| 610 | 2 | 0 | |a výkonnosť ekonomiky |
| 610 | 2 | 0 | |a konvergencia |
| 100 | 1 | |a Lalinský, Tibor | |